000 00532nai a2200169Ia 4500
003 IN-BaIIA
008 211028c9999 xx s 000 0 eng d
022 _a0263-2241 (Online)
040 _cIIA Library
245 0 _aMeasurement
_h[eJournal]
260 _aNew York
_bElsevier
310 _a18/year
362 _a14(3); 1995 - Present
521 _bSubscribed through National Knowledge Resource Consortium (NKRC)
856 _uhttps://www.sciencedirect.com/science/journal/02632241
_yClick Here to Access eJournal
942 _cEJ
999 _c35332
_d35332